000 01047nam a2200241 u 4500
005 20230606155038.0
008 190405s2017 r 000 0 eng d
020 _a9786070297144
035 _aUPN01000230161
049 _aCG
050 4 _aRC451 M6
_bP3.2
245 0 4 _aLos pacientes del manicomio :
_bla Castañeda y sus diagnósticos : una historia de la clínica psiquiátrica en México 1910-1968 /
_ccoord. Andrés Ríos Molina ; Alejandro Giraldo Granada ... [et al].
260 _aMéxico :
_bUNAM :
_bInstituto de Investigaciones Dr. José María Luis Mora,
_cc2017.
300 _a448 p. :
_bcuadros, gráfs., il.
440 0 _aHistoria moderna y contemporánea ;
_p72
610 2 4 _aManicomio General La Castañeda (Ciudad de México)
_xHistoria
_ySiglo XX
_927678
650 4 _aHOSPITALES PSIQUIATRICOS -
_zMEXICO
_919330
650 4 _aPSIQUIATRIA -
_xCASOS, INFORMES CLINICOS, ESTADISTICA
_98372
700 1 _aRíos Molina, Andrés,
_ecoord.
700 1 _aGiraldo Granada, Alejandro,
_ecoaut.
905 _aLibro
999 _c202256
_d202256